Loading...
| History - European | 0 | 7 | 0 | 1 | 70 | 60 | 101.29 | 0 | 0 | 0.00 | 0.00 |
| Any History | 0 | 7 | 0 | 2 | 70 | 66 | 110.29 | 0 | 1 | 0.00 | 0.00 |
| History - American | 0 | 7 | 0 | 1 | 70 | 83 | 120.86 | 0 | 0 | 0.00 | 0.00 |
| History - World | 0 | 6 | 1 | 0 | 55 | 65 | 97.83 | 0 | 0 | 0.00 | 0.00 |
| Social Science | 0 | 5 | 0 | 1 | 50 | 93 | 114.60 | 0 | 0 | 0.00 | 0.00 |
| Fine Arts - Other | 0 | 2 | 0 | 0 | 20 | 96 | 103.50 | 0 | 0 | 0.00 | 0.00 |
| Other Academic | 0 | 2 | 0 | 0 | 20 | 89 | 103.00 | 0 | 1 | 0.00 | 0.00 |
| Literature - British | 0 | 1 | 0 | 0 | 10 | 135 | 135.00 | 0 | 0 | 0.00 | 0.00 |
| Literature - European | 0 | 1 | 0 | 0 | 10 | 133 | 133.00 | 0 | 0 | 0.00 | 0.00 |
| Literature - World | 0 | 1 | 0 | 0 | 10 | 133 | 133.00 | 0 | 0 | 0.00 | 0.00 |
| Mythology | 0 | 1 | 0 | 0 | 10 | 114 | 114.00 | 0 | 0 | 0.00 | 0.00 |
| Geography | 0 | 1 | 0 | 1 | 10 | 132 | 132.00 | 0 | 0 | 0.00 | 0.00 |
| Painting & Sculpture | 0 | 1 | 0 | 0 | 10 | 154 | 154.00 | 0 | 0 | 0.00 | 0.00 |
| Religion | 0 | 1 | 0 | 0 | 10 | 116 | 116.00 | 0 | 0 | 0.00 | 0.00 |
| Science - Chemistry | 0 | 1 | 0 | 1 | 10 | 127 | 127.00 | 0 | 0 | 0.00 | 0.00 |
| Science - Physics | 0 | 1 | 0 | 0 | 10 | 120 | 120.00 | 0 | 0 | 0.00 | 0.00 |
| Literature - American | 0 | 1 | 0 | 0 | 10 | 147 | 147.00 | 0 | 0 | 0.00 | 0.00 |